| 000 | 01299nmc a2200385 a 4500 | ||
|---|---|---|---|
| 003 | AR-BaBNM | ||
| 005 | 20251128205619.0 | ||
| 008 | 248019s1995 ||||||||||||||000 | spa|| | ||
| 020 | _a84-277-1108-5 | ||
| 040 | _cAR-BaBNM | ||
| 100 | 1 | _aVelázquez de Castro, Federico | |
| 245 | 1 | 0 |
_aEducación ambiental _borientaciones, actividades, experiencias y materiales |
| 250 | _a1ª ed. | ||
| 260 |
_aMadrid _bNarcea _bMinisterio de Educación y Ciencia _c1995 |
||
| 300 |
_a91 p. _bil., gráfs., tablas |
||
| 490 | 0 | _aMateriales 12-16 para educación secundaria. Temas transversales | |
| 500 | _aApoyos documentales a la educación ambiental: p. 145-149 | ||
| 500 | _aLa carpeta contiene tres libros: | ||
| 500 | _a1. Planteamiento de la educación ambiental | ||
| 500 | _a2. Transversalidad de la educación ambiental | ||
| 500 | _a3. Experiencias, actividades y materiales | ||
| 650 | 4 | _aEDUCACION AMBIENTAL | |
| 650 | 4 | _aMEDIO CULTURAL | |
| 650 | 4 | _aMEDIO SOCIAL | |
| 650 | 4 | _aECOLOGIA | |
| 650 | 4 | _aMEDIO AMBIENTE NATURAL | |
| 650 | 4 | _aMETODOS DE ENSEÑANZA | |
| 650 | 4 | _aACTIVIDADES DE APRENDIZAJE | |
| 650 | 4 | _aINTERDISCIPLINARIEDAD | |
| 650 | 4 | _aPARTICIPACION DEL ALUMNO | |
| 651 | 4 | _aEspaña | |
| 653 | _aTEMAS TRANSVERSALES | ||
| 942 | _cBK | ||
| 998 | _carturo | ||
| 999 |
_c12125 _d12125 |
||